| 000 | 00323nam a22001337a 4500 | ||
|---|---|---|---|
| 003 | OSt | ||
| 005 | 20231124152727.0 | ||
| 008 | 231124b |||||||| |||| 00| 0 eng d | ||
| 040 | _cCO-JMCR | ||
| 082 |
_aC / _bWILLj |
||
| 100 |
_aWill Jeanne _eautor _942931 |
||
| 245 |
_a Ves al revés / _cJeanne Willis |
||
| 942 |
_2ddc _cBK |
||
| 999 |
_c30326 _d16710 |
||